Srojni naidu ( jiwan avom kratitva ) (Record no. 439514)

000 -LEADER
fixed length control field 00363cam a22001217a 4500
008 - FIXED-LENGTH DATA ELEMENTS--GENERAL INFORMATION
fixed length control field 180718b1991 xxu||||| |||| 00| 0 eng d
020 ## - INTERNATIONAL STANDARD BOOK NUMBER
International Standard Book Number 81 85193 09 6
100 ## - MAIN ENTRY--PERSONAL NAME
Personal name Singh, Sri mati Rachana
245 ## - TITLE STATEMENT
Title Srojni naidu ( jiwan avom kratitva )
Statement of responsibility, etc. by Sri mati Rachana Singh
260 ## - PUBLICATION, DISTRIBUTION, ETC.
Place of publication, distribution, etc. Varanasi
Name of publisher, distributor, etc. Rishi Publication
Date of publication, distribution, etc. 1991
300 ## - PHYSICAL DESCRIPTION
Extent ii,237p.
650 ## - SUBJECT ADDED ENTRY--TOPICAL TERM
Topical term or geographic name entry element Srojni naidu
Holdings
Withdrawn status Lost status Damaged status Not for loan Permanent Location Current Location Date acquired Barcode Date last seen Price effective from Koha item type
        Indian Institute of Public Administration Indian Institute of Public Administration 2010-04-30 68954 2018-07-21 2018-07-21 Book

Powered by Koha